000 00807nam a2200217Ia 4500
001 7003
003 GE_BSU
008 181216s||||||||xx |||||||||||||| ||und||
040 _cGE_BSU
080 _a725.011(075.8)
100 _aВеликовский,А.К. Гуляницкий,Н.Ф. Ильинский,В.М. идр.
245 _aАрхитектура гражданских и промышленных зданий. Основы проектирования.
245 _bУчебник.
245 _cПод общ. ред. В.М.Предтеченского.
260 _aМ.
260 _bСтройиздат.
260 _c1966.
300 _a202стр.27см.с илл.
653 _aАрхитектура гражданских и промышленных зданий.
942 _cBK
999 _c40395
_d40395